XVI premio obras CEMEX = (Record no. 71781)

MARC details
000 -LEADER
campo de control de longitud fija 01436cam a2200421Ka 4500
001 - NÚMERO DE CONTROL
campo de control 81776
005 - FECHA Y HORA DE LA ÚLTIMA TRANSACCIÓN
campo de control 20230410124134.0
008 - DATOS DE LONGITUD FIJA--INFORMACIÓN GENERAL
campo de control de longitud fija 081023s2006 mx eo r 000 0 spa d
035 ## - NÚMERO DE CONTROL DEL SISTEMA
Número de control de sistema (OCoLC)ocn263146305
040 ## - FUENTE DE CATALOGACIÓN
Centro catalogador/agencia de origen UIA
Lengua de catalogación spa
Centro/agencia transcriptor UIA
020 ## - NÚMERO INTERNACIONAL ESTÁNDAR DEL LIBRO
Número Internacional Estándar del Libro 9685740127
020 ## - NÚMERO INTERNACIONAL ESTÁNDAR DEL LIBRO
Número Internacional Estándar del Libro 9789685740128
035 ## - NÚMERO DE CONTROL DEL SISTEMA
Número de control de sistema (OCoLC)263146305
041 1# - CÓDIGO DE IDIOMA
Código de lengua del texto/banda sonora o título independiente spa
-- eng
050 14 - SIGNATURA TOPOGRÁFICA DE LA BIBLIOTECA DEL CONGRESO
Número de clasificación NA 755
Número de ítem D559 2006
049 ## - FONDOS LOCALES (OCLC)
Biblioteca depositaria GRAL
245 10 - MENCIÓN DEL TÍTULO
Título XVI premio obras CEMEX =
Resto del título XVI CEMEX building award /
Mención de responsabilidad, etc. textos Miguel González Virgen ; traducción Sausan Ridsdale, Diana Hardman
246 11 - FORMA VARIANTE DEL TITULO
Título propio/Titulo breve XVI CEMEX building award
246 12 - FORMA VARIANTE DEL TITULO
Título propio/Titulo breve Dieciseisavo premio obras CEMEX
246 12 - FORMA VARIANTE DEL TITULO
Título propio/Titulo breve CEMEX building award
250 ## - MENCION DE EDICION
Mención de edición 1a ed.
260 ## - PUBLICACIÓN, DISTRIBUCIÓN, ETC.
Lugar de publicación, distribución, etc. Monterrey, N.L. :
Nombre del editor, distribuidor, etc. CEMEX,
Fecha de publicación, distribución, etc. 2006.
300 ## - DESCRIPCIÓN FÍSICA
Extensión 329 p.
Otras características físicas fotos col., planos ;
Dimensiones 29 cm.
546 ## - NOTA DE IDIOMA
Nota de lengua/lenguaje Español e inglés.
650 #0 - PUNTO DE ACCESO ADICIONAL DE MATERIA--TÉRMINO DE MATERIA
Término de materia o nombre geográfico como elemento de entrada Architecture
Subdivisión geográfica Mexico
Subdivisión general History
Subdivisión cronológica 21st century
Subdivisión de forma Catalogs.
650 #0 - PUNTO DE ACCESO ADICIONAL DE MATERIA--TÉRMINO DE MATERIA
Término de materia o nombre geográfico como elemento de entrada Architecture, Modern
Subdivisión cronológica 21st century
Subdivisión de forma Catalogs.
650 #0 - PUNTO DE ACCESO ADICIONAL DE MATERIA--TÉRMINO DE MATERIA
Término de materia o nombre geográfico como elemento de entrada Architecture
Subdivisión general Competitions
Subdivisión geográfica Mexico
Subdivisión de forma Catalogs.
650 #0 - PUNTO DE ACCESO ADICIONAL DE MATERIA--TÉRMINO DE MATERIA
Término de materia o nombre geográfico como elemento de entrada Concrete construction
Subdivisión geográfica Mexico
Subdivisión de forma Catalogs.
650 #4 - PUNTO DE ACCESO ADICIONAL DE MATERIA--TÉRMINO DE MATERIA
Término de materia o nombre geográfico como elemento de entrada Arquitectura
Subdivisión geográfica México
Subdivisión cronológica Siglo XXI
Subdivisión de forma Catálogos
650 #4 - PUNTO DE ACCESO ADICIONAL DE MATERIA--TÉRMINO DE MATERIA
Término de materia o nombre geográfico como elemento de entrada Arquitectura
Subdivisión general Concursos
Subdivisión geográfica México
Subdivisión de forma Catálogos
650 #4 - PUNTO DE ACCESO ADICIONAL DE MATERIA--TÉRMINO DE MATERIA
Término de materia o nombre geográfico como elemento de entrada Construcciones de concreto
Subdivisión geográfica México
Subdivisión de forma Catálogos
700 1# - ENTRADA AGREGADA--NOMBRE PERSONAL
Nombre de persona González Virgen, Miguel
700 1# - ENTRADA AGREGADA--NOMBRE PERSONAL
Nombre de persona Ridsdale, Sausan
700 1# - ENTRADA AGREGADA--NOMBRE PERSONAL
Nombre de persona Hardman, Diana
942 ## - ELEMENTOS DE ENTRADA SECUNDARIOS (KOHA)
Fuente del sistema de clasificación o colocación Clasificación de Library of Congress
Tipo de ítem Koha
994 ## -
-- C0
-- DRFGD
946 ## - PROCESAMIENTO DE INFORMACIÓN LOCAL (OCLC)
a mm
Holdings
Estatus retirado Estado de pérdida Fuente del sistema de clasificación o colocación Estado de daño No para préstamo Colección Biblioteca de origen Biblioteca actual Ubicación en estantería Fecha de adquisición Serial enumeration / chronology Signatura topográfica completa Código de barras Visto por última vez Copia número Tipo de ítem Koha
    Clasificación de Library of Congress     Humanidades Biblioteca Juan Bosch Biblioteca Juan Bosch Humanidades (4to. Piso) 10/04/2023 1 NA 755 D559 2006 00000074166 25/10/2018 1